000 00536nam a2200217Ia 4500
003 OSt
005 20220928144043.0
006 a|||||r|||| 00| 0
007 ta
008 220927b |||||||| |||| 00| 0 eng d
024 _a23827
037 _cTextual
040 _aSDCL
_cSDCL
_beng
041 _2eng
_aeng
082 _aQ1:g(Y15), N6
100 _aShukla Sushama
_9506550
245 0 _aVedic vangamay me nari.
260 _c1996
942 _hQ1:g(Y15), N6
_cTEXL
_2CC
999 _c825756
_d825756